00792nam a22002057a 450000500170000001000150001702000260003203500140005803700190007203700090009108200160010010000320011624501120014826000340026027000640029430000210035894200260037999900190040595201620042420241224124144.0 aENG-142339 c475.00a9789393734983 aEN-125871 bExceller Books bDBAD a364.1680954 aUkaegbu, Anthony C. 975626 aNational Security in a Globalised World: The Relevance of Smart Power and Diplomacy/cby Anthony C. Ukaegbu aKolkatabExceller Booksc2024 aG1 Dream Apartment, Degree College Roadb Belgharia,Kolkata a223p. c21cm(pb) 2ddccENmUKAh338.927 c207935d207935 001040708NFICaLbLd2024-12-24eDelivery of Books Divisiong475.00l1oUKA 338.927pEN-125871r2025-12-04 00:00:00s2025-11-20t1v475.00w2024-12-24yEN